Sports Quiz

Random Sports Quiz
Score 0/109 Timer 12:00
0 Plays Today
Year Course % Correct
2000Pebble Beach Golf Links
95.1%
1972Pebble Beach Golf Links
94.9%
1982Pebble Beach Golf Links
94.9%
1992Pebble Beach Golf Links
94.9%
1927Oakmont Country Club
90.7%
1935Oakmont Country Club
90.7%
1953Oakmont Country Club
90.7%
1962Oakmont Country Club
90.7%
1973Oakmont Country Club
90.7%
1983Oakmont Country Club
90.7%
1994Oakmont Country Club
90.7%
2007Oakmont Country Club
90.7%
2002Bethpage State Park (Black Course)
89.8%
2009Bethpage State Park (Black Course)
89.8%
1929Winged Foot Golf Club
85.1%
1959Winged Foot Golf Club
85.1%
1974Winged Foot Golf Club
85.1%
1984Winged Foot Golf Club
85.1%
2006Winged Foot Golf Club
85.1%
2008Torrey Pines Golf Course
83.9%
1896Shinnecock Hills Golf Club
79.6%
1986Shinnecock Hills Golf Club
79.4%
1995Shinnecock Hills Golf Club
79.4%
2004Shinnecock Hills Golf Club
79.4%
1964Congressional Country Club
78.8%
1997Congressional Country Club
78.8%
1950Merion Golf Club
73.2%
1971Merion Golf Club
73.2%
1981Merion Golf Club
73.2%
1966Olympic Club
72.8%
1987The Olympic Club
72.8%
1998Olympic Club
72.8%
1955Olympic Club
72.8%
1903Baltusrol Golf Club
70.5%
1915Baltusrol Golf Club
70.5%
1936Baltusrol Golf Club
70.5%
1954Baltusrol Golf Club
70.5%
Year Course % Correct
1967Baltusrol Golf Club
70.5%
1980Baltusrol Golf Club
70.5%
1993Baltusrol Golf Club
70.5%
1913The Country Club
70.3%
1963The Country Club
70.3%
1988The Country Club
70.3%
1924Oakland Hills Country Club
69.9%
1937Oakland Hills Country Club
69.9%
1951Oakland Hills Country Club
69.9%
1961Oakland Hills Country Club
69.9%
1985Oakland Hills Country Club
69.9%
1996Oakland Hills Country Club
69.9%
1958Southern Hills Country Club
69.2%
1977Southern Hills Country Club
69.2%
2001Southern Hills Country Club
69.2%
1949Medinah Country Club
67.9%
1975Medinah Country Club
67.9%
1990Medinah Country Club
67.9%
1928Olympia Fields Country Club
67.3%
2003Olympia Fields Golf Club
67.3%
1956Oak Hill Country Club
65.8%
1968Oak Hill Country Club
65.8%
1989Oak Hill Country Club
65.8%
1999No. 2 Course at Pinehurst Resort
64.3%
2005No. 2 Course at Pinehurst Resort
64.1%
1938Cherry Hills Country Club
61.6%
1960Cherry Hills Country Club
61.6%
1978Cherry Hills Country Club
61.6%
1976Atlanta Athletic Club
53.5%
1948Riviera Country Club
49.9%
1970Hazeltine National Golf Club
47.1%
1991Hazeltine National Golf Club
47.1%
1895Newport Country Club
45.6%
1897Chicago Golf Club
45.2%
1900Chicago Golf Club
45.2%
1911Chicago Golf Club
45%
1939Philadelphia Country Club
40.6%
Year Course % Correct
1920Inverness Club
40.1%
1931Inverness Club
40.1%
1957Inverness Club
40.1%
1979Inverness Club
40.1%
1898Myopia Hunt Club
39.5%
1901Myopia Hunt Club
39.3%
1905Myopia Hunt Club
39.3%
1908Myopia Hunt Club
39.3%
1941Colonial Country Club
38%
1926Scioto Country Club
35.9%
1965Bellerive Country Club
35.9%
1969Champions Golf Club
35.2%
1930Interlachen Country Club
34.8%
1907Philadelphia Cricket Club
33.3%
1910Philadelphia Cricket Club
33.3%
1899Baltimore Country Club
29.5%
1947St Louis Country Club
27%
1940Canterbury Golf Club
26.1%
1946Canterbury Golf Club
26.1%
1933North Shore Golf Club
24.4%
1934Merion Cricket Club
24.4%
1912Country Club of Buffalo
23.6%
1952Northwood Golf Club
23.1%
1902Garden City Golf Club
22.1%
1919Brae Burn Country Club
21.7%
1922Skokie Country Club
21.4%
1916Minikahda Golf Club
20.6%
1921Columbia Country Club
19.5%
1925Worcester Country Club
19.1%
1914Midlothian Country Club
15.5%
1932Fresh Meadow Country Club
13.4%
1909Englewood Golf Club
12.3%
1906Onwentsia Club
11.9%
1923Inwood Country Club
11.3%
1904Glen View Club
8.7%

You're not logged in!

Compare scores with friends on all Sporcle quizzes.
OR
Log In

Sporcle TV

Today on Sporcle TV


Watch our educational content, quiz creation guides, and fun videos on Sporcle TV.

Show Comments

Extras

Created Oct 8, 2009ReportNominate
Tags:course, open, US Open, Winner

Top Quizzes Today


Score Distribution

Paid Content

Your Account Isn't Verified!

In order to create a playlist on Sporcle, you need to verify the email address you used during registration. Go to your Sporcle Settings to finish the process.

Report this User

Report this user for behavior that violates our Community Guidelines.

Details: